[Event "East Detroit (MCO/1)"]
[Site "?"]
[Date "1983.??.??"]
[Round "?"]
[White "Swartz, J.."]
[Black "Jackson, J.."]
[Result "0-1"]
[WhiteElo "1605"]
[BlackElo "1840"]
[PlyCount "64"]
[EventDate "1983.??.??"]

1. d4 d5 2. c4 e5 3. dxe5 d4 4. e3 Bb4+ 5. Bd2 dxe3 6. fxe3 Qh4+ 7. g3 Qe4 8.
Qf3 Bxd2+ 9. Nxd2 Qxe5 10. O-O-O Nf6 11. Bh3 Nc6 12. Qf4 O-O 13. Bxc8 Raxc8 14.
Ngf3 Qa5 15. a3 Rfe8 16. Nb3 Qb6 17. Rd3 Na5 18. Kc2 Nxb3 19. Rxb3 Qc5 20. Rc3
a5 21. Rb3 h6 22. h4 Re4 23. Rd1 Rxf4 24. exf4 Qxc4+ 25. Rc3 Qe4+ 26. Kc1 c6
27. Re1 Qd5 28. Re5 Qd7 29. Rce3 Rd8 30. Re1 Ng4 31. Re7 Qd3 32. R7e3 Nxe3 0-1

[Event "East Detroit (MCO/4)"]
[Site "?"]
[Date "1983.??.??"]
[Round "?"]
[White "Swartz, J.."]
[Black "Cowan, W.."]
[Result "1-0"]
[WhiteElo "1605"]
[BlackElo "1605"]
[PlyCount "45"]
[EventDate "1983.??.??"]

1. d4 d5 2. Nf3 Nf6 3. e3 e6 4. c4 dxc4 5. Bxc4 Nc6 6. O-O Be7 7. Nc3 Na5 8.
Bd3 h6 9. e4 O-O 10. e5 Nd5 11. Qc2 Nxc3 12. Qxc3 b6 13. b4 Nb7 14. Be3 Rb8 15.
Rac1 Kh8 16. Nd2 f6 17. Qc6 Qd5 18. Qxc7 Bd7 19. exf6 Bxf6 20. Be4 Qd6 21. Bxb7
Qxc7 22. Rxc7 Bb5 23. Rfc1 1-0

[Event "East Detroit (MCO/2)"]
[Site "?"]
[Date "1983.??.??"]
[Round "?"]
[White "Sveen, L.."]
[Black "Swartz, J.."]
[Result "1-0"]
[WhiteElo "1790"]
[BlackElo "1605"]
[PlyCount "169"]
[EventDate "1983.??.??"]

1. e4 d6 2. d4 Nf6 3. Nc3 Bg4 4. Be2 Bxe2 5. Qxe2 c6 6. f4 e6 7. Nf3 Be7 8. h3
Nh5 9. Qf2 Nd7 10. Bd2 e5 11. g4 exd4 12. Ne2 Nhf6 13. Qxd4 c5 14. Qe3 Nb6 15.
b3 d5 16. e5 Ne4 17. O-O-O a5 18. Nc3 Nxc3 19. Bxc3 d4 20. Qe4 Qd5 21. Qxd5
Nxd5 22. Bd2 a4 23. Kb2 axb3 24. axb3 O-O 25. g5 Bd8 26. Ra1 Bb6 27. Rxa8 Rxa8
28. Re1 Nc3 29. Bxc3 dxc3+ 30. Kb1 Bc7 31. Re3 Ba5 32. Ng1 Rd8 33. Rd3 Re8 34.
Ne2 c4 35. bxc4 Bb4 36. Nxc3 Kf8 37. Ne2 Rc8 38. Rd4 Bc5 39. Re4 Rd8 40. Ka2
Ra8+ 41. Kb2 Ra6 42. Nd4 Ra3 43. c3 Ra4 44. f5 Ba3+ 45. Kb3 Ra6 46. e6 Ke7 47.
f6+ gxf6 48. gxf6+ Kxf6 49. e7 Bxe7 50. Rf4+ Kg6 51. Nf3 Ra5 52. Rd4 b6 53. Rd5
Bc5 54. Ne5+ Kg7 55. Rd7 Be7 56. Rxe7 Kf6 57. Nc6 Rc5 58. Rc7 Kg6 59. Ne7+ Kg5
60. Rxc5+ bxc5 61. Nc6 Kh4 62. Ne5 Kxh3 63. Nd3 f5 64. Nxc5 f4 65. Nd3 Kg4 66.
c5 Kf5 67. c6 Ke6 68. Nxf4+ Kd6 69. c4 Kxc6 70. Kb4 Kb6 71. c5+ Kc6 72. Kc4 Kc7
73. Kd5 Kd7 74. c6+ Kc7 75. Ne6+ Kc8 76. Ke5 Kb8 77. Kf5 Ka7 78. Kg5 Kb8 79.
Kh6 Kc8 80. Kxh7 Kb8 81. Kg7 Kc8 82. Kf7 Kb8 83. Ke7 Kc8 84. c7 Kb7 85. Kd7 1-0

[Event "East Detroit (MCO/5)"]
[Site "?"]
[Date "1983.??.??"]
[Round "?"]
[White "Sveen, L.."]
[Black "Smith, Michael R"]
[Result "0-1"]
[WhiteElo "1790"]
[BlackElo "1970"]
[PlyCount "68"]
[EventDate "1983.??.??"]

1. e4 e6 2. d4 d5 3. Nc3 Bb4 4. e5 c5 5. a3 Bxc3+ 6. bxc3 Qa5 7. Bd2 Qa4 8. Nf3
Nc6 9. Qb1 c4 10. Be2 Nge7 11. Nh4 Qa5 12. f4 Bd7 13. O-O Nxd4 14. cxd4 Qxd2
15. Qd1 Qe3+ 16. Kh1 Nc6 17. Nf3 Qxf4 18. c3 O-O 19. g3 Qh6 20. Rb1 b6 21. Nh4
f6 22. Nf3 fxe5 23. dxe5 Qe3 24. Qc2 Nxe5 25. Nxe5 Qxe5 26. Qd2 Bc6 27. Kg1 Qe4
28. Qe1 d4 29. Bf3 Rxf3 30. Qxe4 Bxe4 31. Rbe1 Rxf1+ 32. Kxf1 Rf8+ 33. Kg1 Bf5
34. cxd4 Bh3 0-1

[Event "East Detroit (MCO/6)"]
[Site "?"]
[Date "1983.??.??"]
[Round "?"]
[White "Sveen, L.."]
[Black "Morneau, F.."]
[Result "1-0"]
[WhiteElo "1790"]
[BlackElo "1655"]
[PlyCount "109"]
[EventDate "1983.??.??"]

1. e4 e5 2. Nf3 Nc6 3. d4 exd4 4. Bc4 Nf6 5. O-O d6 6. Nxd4 Nxd4 7. Qxd4 Be7 8.
Nc3 O-O 9. h3 Re8 10. Be3 c6 11. Rad1 Qc7 12. Bf4 Rd8 13. Bh2 b5 14. Be2 Qb6
15. Qd3 b4 16. Na4 Qa5 17. b3 d5 18. exd5 cxd5 19. Qb5 Qxb5 20. Bxb5 Be6 21.
Bc6 Rac8 22. Bb7 Rxc2 23. Ra1 h6 24. Rfc1 Rxc1+ 25. Rxc1 Kf8 26. Nc5 Bxc5 27.
Rxc5 Rd7 28. Bc6 Rd8 29. Bc7 Rc8 30. Bb7 Re8 31. Rb5 Bd7 32. Rxb4 Re2 33. Bd6+
Kg8 34. a4 Re4 35. Rxe4 Nxe4 36. Bb8 Nc5 37. Bxd5 Nxa4 38. bxa4 Bxa4 39. Bxa7
Bc2 40. f3 h5 41. g3 Bf5 42. Kg2 g6 43. Bd4 Bd7 44. Bf6 Kf8 45. h4 Kg8 46. Kf2
Kf8 47. Ke3 Kg8 48. Kf4 Kf8 49. Kg5 Kg8 50. g4 hxg4 51. fxg4 Bb5 52. Be5 Be2
53. Kf6 Bxg4 54. Bxf7+ Kh7 55. Bxg6+ 1-0

[Event "East Detroit (MCO/1)"]
[Site "?"]
[Date "1983.??.??"]
[Round "?"]
[White "Suess, J.."]
[Black "Wolf, R.."]
[Result "0-1"]
[WhiteElo "1605"]
[BlackElo "1700"]
[PlyCount "106"]
[EventDate "1983.??.??"]

1. e4 e6 2. Nf3 d5 3. e5 c5 4. Bb5+ Bd7 5. Qe2 Qc7 6. a4 Ne7 7. d3 Ng6 8. g3
Nc6 9. Bf4 a6 10. Bxc6 Bxc6 11. c3 d4 12. cxd4 cxd4 13. O-O Qd7 14. b3 Bb4 15.
Bd2 Bc5 16. Rc1 Qd5 17. b4 Bb6 18. Na3 Qxf3 19. Qxf3 Bxf3 20. Nc4 Bc7 21. Bf4
Nxf4 22. gxf4 Kd7 23. a5 f6 24. Nd2 Be2 25. Nb3 fxe5 26. fxe5 Bh5 27. Nc5+ Ke7
28. f4 Bf3 29. Rc4 Rhd8 30. Kf2 Bc6 31. Nb3 Rf8 32. Kg3 Rac8 33. Nxd4 Bd5 34.
Rcc1 Bb8 35. Rc5 g5 36. Rxc8 gxf4+ 37. Kf2 Rxc8 38. Re1 Ba7 39. Ke2 Bxd4 40.
Kd2 Be3+ 41. Rxe3 fxe3+ 42. Kxe3 Rc2 43. Kf4 Rxh2 44. Kg5 h5 45. Kf4 Rg2 46.
Ke3 h4 47. Kd4 h3 48. Kc5 h2 49. b5 axb5 50. Kxb5 h1=Q 51. Kb6 Qc1 52. Ka7 Qc5+
53. Kb8 Rg8# 0-1

[Event "East Detroit (MCO/3)"]
[Site "?"]
[Date "1983.??.??"]
[Round "?"]
[White "Suess, J.."]
[Black "Harrold, Alvin"]
[Result "0-1"]
[WhiteElo "1605"]
[BlackElo "1820"]
[PlyCount "102"]
[EventDate "1983.??.??"]

1. e4 e6 2. Nf3 c5 3. Bc4 d5 4. Bb5+ Nc6 5. Nc3 a6 6. Bxc6+ bxc6 7. d3 d4 8.
Ne2 f6 9. e5 fxe5 10. Nxe5 Qc7 11. f4 Bd6 12. O-O Bxe5 13. fxe5 Qxe5 14. Bf4
Qd5 15. Bg3 Nf6 16. Nf4 Qg5 17. Qe2 e5 18. Nh3 Bxh3 19. Qxe5+ Qxe5 20. Bxe5 Be6
21. Bxf6 gxf6 22. Rxf6 Kd7 23. a3 Raf8 24. Rxf8 Rxf8 25. Rf1 Rxf1+ 26. Kxf1 c4
27. Ke2 Kd6 28. dxc4 Bxc4+ 29. Kd2 a5 30. b3 Bd5 31. g3 c5 32. c4 Be4 33. g4
Ke5 34. g5 Kf5 35. h4 Kg4 36. b4 axb4 37. axb4 cxb4 38. c5 b3 39. Kc1 Kxh4 40.
Kb2 d3 41. c6 d2 42. c7 Bf5 43. Kxb3 d1=Q+ 44. Ka3 Qb1 45. Ka4 Bd7+ 46. Ka3
Kxg5 47. c8=Q Bxc8 48. Ka4 Kf5 49. Ka3 Ke5 50. Ka4 Kd5 51. Ka3 Kc4 0-1

[Event "East Detroit (MCO/5)"]
[Site "?"]
[Date "1983.??.??"]
[Round "?"]
[White "Suess, J.."]
[Black "Beltramello, R.."]
[Result "0-1"]
[WhiteElo "1605"]
[BlackElo "1605"]
[PlyCount "120"]
[EventDate "1983.??.??"]

1. e4 c5 2. Nc3 d6 3. h3 Nf6 4. Bc4 e6 5. Nf3 Be7 6. a3 Nc6 7. d3 a6 8. Bd2 d5
9. Ba2 b5 10. Bf4 O-O 11. e5 Nd7 12. Qd2 f6 13. d4 cxd4 14. Nxd4 Nxd4 15. Qxd4
Bc5 16. Qd2 fxe5 17. Bg5 Bxf2+ 18. Ke2 Qb6 19. Nxd5 Qd4 20. Qxd4 Bxd4 21. c3
Rf2+ 22. Ke1 Ba7 23. Ne3 Rxb2 24. Bxe6+ Kh8 25. Rd1 h6 26. h4 Bxe3 27. Bxe3 Nb6
28. Rd8+ Kh7 29. Rf1 Bxe6 30. Bxb6 Rxd8 31. Bxd8 Rxg2 32. Be7 Rc2 33. Bb4 Rc1+
34. Kf2 Rxf1+ 35. Kxf1 Kg6 36. Kf2 Kf5 37. Kg3 g5 38. hxg5 hxg5 39. Bc5 Ke4 40.
Kf2 Kd3 41. Bb4 e4 42. Ke1 g4 43. Bd6 Kxc3 44. Ke2 a5 45. Ke3 Bd5 46. Be7 Kb3
47. Bd6 b4 48. axb4 axb4 49. Kf4 Kc4 50. Kxg4 b3 51. Be5 e3 52. Kg3 Kd3 53. Bb2
e2 54. Kf2 Kd2 55. Kg3 Kd1 56. Kf4 e1=Q 57. Bf6 Qb4+ 58. Kg3 Ke2 59. Bg5 b2 60.
Kh3 b1=Q 0-1

[Event "Southfield (MEX/1)"]
[Site "?"]
[Date "1983.??.??"]
[Round "?"]
[White "Stein, K.."]
[Black "Puls, M.."]
[Result "0-1"]
[WhiteElo "2270"]
[BlackElo "2145"]
[PlyCount "78"]
[EventDate "1983.??.??"]

1. e4 e6 2. d4 d5 3. e5 c5 4. c3 Nc6 5. Nf3 Qb6 6. Be2 cxd4 7. cxd4 Nh6 8. Nc3
Nf5 9. Kf1 Be7 10. h4 Bd7 11. g4 Nfxd4 12. Na4 Qa5 13. Nxd4 Nxd4 14. Qxd4 Qxa4
15. Qxa4 Bxa4 16. Be3 f6 17. exf6 Bxf6 18. g5 Be5 19. Bh5+ Ke7 20. Bc5+ Kd7 21.
Ba3 Bd6 22. b4 Rhf8 23. Re1 Rf4 24. f3 Bxb4 25. Bxb4 Rxb4 26. Bf7 Rb6 27. h5
Rc8 28. Kg2 Bc2 29. Rc1 Bf5 30. Rxc8 Kxc8 31. h6 gxh6 32. Rxh6 d4 33. Kf2 d3
34. Ke1 Rd6 35. Kd2 Ra6 36. a4 Rc6 37. Bg8 Rc2+ 38. Kd1 Rg2 39. f4 Bg4+ 0-1

[Event "Southfield (MEX/3)"]
[Site "?"]
[Date "1983.??.??"]
[Round "?"]
[White "Stein, K.."]
[Black "Laren, Philip"]
[Result "0-1"]
[WhiteElo "2270"]
[BlackElo "2125"]
[PlyCount "62"]
[EventDate "1983.??.??"]

1. e4 d5 2. exd5 Nf6 3. d4 Nxd5 4. Nf3 g6 5. c4 Nb6 6. h3 Bg7 7. Nc3 O-O 8. Be2
Nc6 9. Be3 e5 10. d5 Ne7 11. g4 f5 12. gxf5 Nxf5 13. Bg5 Bf6 14. Bxf6 Qxf6 15.
Ne4 Qg7 16. c5 Nd7 17. Bc4 Kh8 18. Qd3 b6 19. Nfg5 Nxc5 20. Nxc5 bxc5 21. O-O-O
Nd6 22. Rd2 Rf4 23. Ba6 c4 24. Qa3 Qf6 25. h4 Bf5 26. Qc3 Bd3 27. Rxd3 cxd3 28.
Qxc7 Rc8 29. Bxc8 Rc4+ 30. Qxc4 Nxc4 31. Ne4 Qf4+ 0-1

[Event "Southfield (MEX/4)"]
[Site "?"]
[Date "1983.??.??"]
[Round "?"]
[White "Stein, K.."]
[Black "Finegold, Ben"]
[Result "1-0"]
[WhiteElo "2270"]
[BlackElo "2070"]
[PlyCount "139"]
[EventDate "1983.??.??"]

1. e4 e6 2. d4 d5 3. e5 c5 4. c3 Nc6 5. Nf3 Qb6 6. Be2 cxd4 7. cxd4 Nge7 8. Nc3
Nf5 9. Kf1 h5 10. Na4 Qc7 11. Bf4 Bd7 12. a3 Be7 13. Rc1 Rc8 14. b4 Qb8 15. Nc5
b6 16. Nxd7 Kxd7 17. Ba6 Rc7 18. Qa4 g5 19. Nxg5 Bxg5 20. Bxg5 b5 21. Bxb5
Nfxd4 22. Bxc6+ Rxc6 23. Rxc6 Nxc6 24. Bf6 Rc8 25. g3 Qb6 26. Kg2 Qd4 27. Qd1
Qe4+ 28. Qf3 Qxf3+ 29. Kxf3 Nd4+ 30. Kf4 Rc2 31. g4 hxg4 32. Kxg4 Rxf2 33. h4
Nf5 34. h5 Rg2+ 35. Kf4 Rf2+ 36. Kg4 Rg2+ 37. Kf3 Rg3+ 38. Kf2 Rxa3 39. h6 Ra2+
40. Kf3 Ra3+ 41. Kf2 Ra2+ 42. Kf3 Ra3+ 43. Kf4 Nxh6 44. Rxh6 Rb3 45. Rh7 Rxb4+
46. Ke3 d4+ 47. Kd3 Kc6 48. Rxf7 Rb3+ 49. Kxd4 Rb4+ 50. Kc3 a5 51. Re7 Kd5 52.
Ra7 Rg4 53. Rxa5+ Kc6 54. Ra6+ Kd7 55. Rd6+ Ke8 56. Rxe6+ Kf7 57. Re7+ Kf8 58.
Rd7 Rf4 59. Rd4 Rf1 60. Kc4 Kf7 61. Rd7+ Ke8 62. Re7+ Kf8 63. Kd5 Rd1+ 64. Ke6
Ra1 65. Rd7 Kg8 66. Ke7 Ra6 67. e6 Rb6 68. Rd8+ Kh7 69. Kf7 Rb7+ 70. e7 1-0

[Event "East Detroit (MCO/5)"]
[Site "?"]
[Date "1983.??.??"]
[Round "?"]
[White "Stacy, P.."]
[Black "Short, T.."]
[Result "1-0"]
[WhiteElo "1605"]
[BlackElo "1605"]
[PlyCount "75"]
[EventDate "1983.??.??"]

1. e4 c5 2. b4 e6 3. bxc5 Bxc5 4. d4 Bb6 5. Nf3 d5 6. exd5 Qxd5 7. Nc3 Qd8 8.
Bc4 Qc7 9. Ne5 Nc6 10. Bb5 Nf6 11. Ba3 a6 12. Bxc6+ bxc6 13. Na4 Ba5+ 14. c3
Nd5 15. Rc1 Nb6 16. Qg4 g6 17. Nxb6 Bxb6 18. Nc4 c5 19. Qf3 Bb7 20. Qf6 Rg8 21.
O-O Bd5 22. Nxb6 Qxb6 23. Bxc5 Qc7 24. Rfe1 a5 25. c4 Bb7 26. Rxe6+ fxe6 27.
Qxe6+ Kd8 28. Bb6 Qxb6 29. Qxb6+ Kc8 30. Rb1 Rb8 31. c5 Rd8 32. c6 Rd6 33.
cxb7+ Rxb7 34. Rc1+ Kb8 35. Qxd6+ Ka7 36. Qc5+ Ka6 37. Re1 a4 38. Re6+ 1-0

[Event "East Detroit (MCO/3)"]
[Site "?"]
[Date "1983.??.??"]
[Round "?"]
[White "Stacy, P.."]
[Black "Massengale, J.."]
[Result "0-1"]
[WhiteElo "1605"]
[BlackElo "1720"]
[PlyCount "78"]
[EventDate "1983.??.??"]

1. e4 c5 2. b4 cxb4 3. c3 bxc3 4. Nxc3 e6 5. d4 d6 6. Nf3 a6 7. a4 b6 8. Bc4
Bb7 9. d5 e5 10. Bb2 Nf6 11. O-O Be7 12. Nh4 Bc8 13. Ne2 Nxe4 14. Qd3 Nc5 15.
Qg3 Bxh4 16. Qxg7 Qf6 17. Qxf6 Bxf6 18. Ng3 h5 19. f4 h4 20. fxe5 Bxe5 21. Bxe5
dxe5 22. Nf5 Bxf5 23. Rxf5 Nbd7 24. d6 f6 25. Kf2 Ne4+ 26. Kf3 Nxd6 27. Bd5 Rb8
28. Be6 Nxf5 29. Bxf5 Nc5 30. Rd1 Rd8 31. Rb1 Nxa4 32. Rc1 Nc5 33. Rc4 Ke7 34.
Rg4 Kf8 35. g3 hxg3 36. Kxg3 Rg8 37. h4 Rxg4+ 38. Kxg4 a5 39. Kh5 Kg7 0-1

[Event "East Detroit (MCO/2)"]
[Site "?"]
[Date "1983.??.??"]
[Round "?"]
[White "Stacy, P.."]
[Black "Johnson, Kirk"]
[Result "0-1"]
[WhiteElo "1605"]
[BlackElo "1650"]
[PlyCount "44"]
[EventDate "1983.??.??"]

1. e4 e5 2. f4 exf4 3. Nf3 g5 4. Bc4 d6 5. Nc3 g4 6. O-O Nc6 7. d4 Bd7 8. Bxf4
Qe7 9. Ng5 Nh6 10. Nd5 Qd8 11. e5 dxe5 12. dxe5 Bc5+ 13. Kh1 Be6 14. Nf6+ Ke7
15. Qxd8+ Raxd8 16. Bxe6 fxe6 17. Ngxh7 Nf5 18. Ng5 Ncd4 19. Nge4 Bb6 20. Bg5
Kf7 21. Rad1 Ne2 22. Rf4 Rxd1+ 0-1

[Event "East Detroit (MCO/5)"]
[Site "?"]
[Date "1983.??.??"]
[Round "?"]
[White "Srikantia, S.."]
[Black "Puls, M.."]
[Result "1/2-1/2"]
[WhiteElo "1965"]
[BlackElo "2180"]
[PlyCount "61"]
[EventDate "1983.??.??"]

1. d4 d5 2. c4 c6 3. Nf3 Nf6 4. Bf4 dxc4 5. e3 b5 6. a4 a6 7. b3 cxb3 8. axb5
b2 9. Ra4 Bf5 10. bxc6 Nxc6 11. Nfd2 Nd5 12. Bg3 e5 13. e4 Nxd4 14. exf5 Nb4
15. Bc4 Ndc2+ 16. Kf1 Rc8 17. Qe2 Be7 18. Bxe5 O-O 19. Qg4 Bf6 20. Bxf6 Qxf6
21. h3 Rfe8 22. Kg1 Qd6 23. Qg3 Qd7 24. Ra5 Nd4 25. f6 g6 26. Kh2 Ne2 27. Qg5
Rc6 28. Rf1 Qd6+ 29. Kh1 Qxf6 30. Qxf6 Rxf6 31. Rc5 1/2-1/2

[Event "East Detroit (MCO/1)"]
[Site "?"]
[Date "1983.??.??"]
[Round "?"]
[White "Srikantia, S.."]
[Black "Jackson, C.."]
[Result "1-0"]
[WhiteElo "1965"]
[BlackElo "1605"]
[PlyCount "119"]
[EventDate "1983.??.??"]

1. d4 Nf6 2. c4 e6 3. Nf3 c5 4. d5 exd5 5. cxd5 d6 6. Nc3 a6 7. a4 Be7 8. e4
O-O 9. Be2 Re8 10. O-O h6 11. Nd2 a5 12. f4 Na6 13. Bb5 Bd7 14. e5 dxe5 15.
fxe5 Ng4 16. e6 Bxe6 17. dxe6 Qd4+ 18. Kh1 Rf8 19. exf7+ Rxf7 20. Bc4 Nf2+ 21.
Rxf2 Qxf2 22. Bxf7+ Qxf7 23. Qb3 Rf8 24. Qxf7+ Rxf7 25. Nf3 Nb4 26. Bd2 Nd3 27.
b3 Bf6 28. Rb1 Rd7 29. Ne4 Bd4 30. Bxa5 Re7 31. Nxd4 cxd4 32. Rd1 Rxe4 33. Rxd3
b6 34. Bd2 Kf7 35. Kg1 Ke6 36. Kf2 Kd5 37. Rg3 g5 38. Rh3 Re6 39. Rf3 Ke4 40.
Ke2 g4 41. Rf4+ Kd5+ 42. Kd3 h5 43. Rf5+ Re5 44. Rxe5+ Kxe5 45. a5 bxa5 46.
Bxa5 Kf4 47. Kxd4 Kf5 48. Kd5 Kf4 49. Bd2+ Kf5 50. b4 Kf6 51. Kd6 Kf5 52. b5
Ke4 53. b6 Kd3 54. Bg5 Ke2 55. b7 Kf2 56. g3 Kg2 57. b8=Q Kxh2 58. Qb1 Kxg3 59.
Qf1 h4 60. Bf4# 1-0

[Event "East Detroit (MCO/3)"]
[Site "?"]
[Date "1983.??.??"]
[Round "?"]
[White "Srikantia, S.."]
[Black "Becker, A.."]
[Result "1-0"]
[WhiteElo "1965"]
[BlackElo "1650"]
[PlyCount "51"]
[EventDate "1983.??.??"]

1. e4 c5 2. Nc3 d6 3. g3 g6 4. Bg2 Bg7 5. d3 e6 6. Nge2 Ne7 7. O-O O-O 8. Be3
Nbc6 9. Qd2 Nd4 10. Nd1 a6 11. c3 Ndc6 12. Bh6 e5 13. Bxg7 Kxg7 14. f4 f5 15.
Ne3 Qb6 16. h3 Qd8 17. Kh2 Be6 18. a3 b5 19. b4 Qd7 20. Nd5 Rab8 21. Qe3 fxe4
22. dxe4 Qa7 23. Rad1 Rfd8 24. f5 gxf5 25. Qg5+ Kf8 26. Qh6+ 1-0

[Event "East Detroit (MCO/3)"]
[Site "?"]
[Date "1983.??.??"]
[Round "?"]
[White "Smith, Michael R"]
[Black "Poschel, Paul"]
[Result "0-1"]
[WhiteElo "1970"]
[BlackElo "2295"]
[PlyCount "66"]
[EventDate "1983.??.??"]

1. e4 c5 2. Nf3 e6 3. d4 cxd4 4. Nxd4 Nf6 5. Nc3 Nc6 6. Ndb5 d6 7. Bf4 e5 8.
Bg5 a6 9. Na3 Be6 10. Nc4 Rc8 11. Ne3 Be7 12. Bxf6 Bxf6 13. Bc4 O-O 14. O-O Bg5
15. Ncd5 Bxe3 16. Nxe3 Ne7 17. Bb3 Qb6 18. c3 Rcd8 19. Bxe6 fxe6 20. Qe2 Ng6
21. g3 d5 22. exd5 exd5 23. Rfd1 d4 24. cxd4 exd4 25. Nc4 Qf6 26. Rd3 b5 27.
Nd2 Ne5 28. Rb3 d3 29. Qf1 Qh6 30. f4 Ng4 31. Nf3 Qb6+ 32. Kh1 d2 33. Qe2 d1=Q+
0-1

[Event "East Detroit (MCO/6)"]
[Site "?"]
[Date "1983.??.??"]
[Round "?"]
[White "Smith, Michael R"]
[Black "Matias, I.C.."]
[Result "1-0"]
[WhiteElo "1970"]
[BlackElo "1650"]
[PlyCount "55"]
[EventDate "1983.??.??"]

1. e4 c6 2. d4 d5 3. Nc3 dxe4 4. Nxe4 Nf6 5. Nxf6+ gxf6 6. Nf3 Bg4 7. Be2 e6 8.
Bf4 Nd7 9. Qd2 Qb6 10. c3 Be7 11. O-O Rg8 12. Rfe1 h5 13. Bg3 e5 14. dxe5 O-O-O
15. Qc2 fxe5 16. Nxe5 Nxe5 17. Bxe5 Bh4 18. Bxg4+ Rxg4 19. Qf5+ Rd7 20. Rad1
Qd8 21. Rd3 Rg5 22. Qxd7+ Qxd7 23. Rxd7 Kxd7 24. Rd1+ Kc8 25. f4 Rf5 26. g3 f6
27. Bd4 Rd5 28. Rd2 1-0

[Event "East Detroit (MCO/2)"]
[Site "?"]
[Date "1983.??.??"]
[Round "?"]
[White "Smith, Michael R"]
[Black "Libby, Dan"]
[Result "1-0"]
[WhiteElo "1970"]
[BlackElo "1680"]
[PlyCount "61"]
[EventDate "1983.??.??"]

1. e4 g6 2. d4 Bg7 3. Nc3 d6 4. Be3 Nf6 5. f3 a6 6. Qd2 O-O 7. O-O-O Re8 8. Bh6
Bh8 9. h4 e5 10. d5 Nh5 11. Nge2 f5 12. exf5 gxf5 13. g4 fxg4 14. fxg4 Bxg4 15.
Rg1 Qxh4 16. Bg5 Qf2 17. Rxg4 Bg7 18. Ng3 Qxd2+ 19. Rxd2 Nxg3 20. Rxg3 Kh8 21.
Bd3 Nd7 22. Rh2 Nf8 23. Rgh3 h6 24. Bxh6 Bxh6+ 25. Rxh6+ Kg7 26. R6h3 Kf6 27.
Ne4+ Ke7 28. Rg2 Kd8 29. Rg7 Re7 30. Rh8 Kd7 31. Nf6+ 1-0

[Event "Southfield (MEX/5)"]
[Site "?"]
[Date "1983.??.??"]
[Round "?"]
[White "Small, L.."]
[Black "Stein, K.."]
[Result "0-1"]
[WhiteElo "2040"]
[BlackElo "2270"]
[PlyCount "86"]
[EventDate "1983.??.??"]

1. e4 c5 2. Nf3 e6 3. d4 cxd4 4. Nxd4 Nf6 5. f3 Nc6 6. Nxc6 bxc6 7. Be3 d5 8.
exd5 Nxd5 9. Bf2 Bd6 10. a3 Qc7 11. g3 Be5 12. c3 O-O 13. Bd3 c5 14. Qc2 f5 15.
Nd2 Bb7 16. O-O-O Nb6 17. c4 Qc6 18. Rde1 Bf6 19. b3 a5 20. a4 Qd6 21. Be2 Bc6
22. Rd1 Qe5 23. Rhe1 Qa1+ 24. Nb1 Nxa4 25. Rd3 Rab8 26. Kd2 Rfd8 27. Bd1 Nb2
28. Rxd8+ Rxd8+ 29. Ke2 Nxd1 30. Rxd1 Qe5+ 31. Be3 Rxd1 32. Qxd1 g5 33. Kf2 f4
34. gxf4 gxf4 35. Bd2 Qd4+ 36. Ke2 a4 37. bxa4 Qxc4+ 38. Kf2 Qd4+ 39. Kg2 Qd3
40. Qf1 Qg6+ 41. Kf2 Bh4+ 42. Ke2 c4 43. Qh3 Qd3+ 0-1

[Event "East Detroit (MCO/2)"]
[Site "?"]
[Date "1983.??.??"]
[Round "?"]
[White "Small, L.."]
[Black "Sedgwick, D.."]
[Result "1/2-1/2"]
[WhiteElo "2075"]
[BlackElo "1735"]
[PlyCount "94"]
[EventDate "1983.??.??"]

1. e4 c5 2. Nf3 Nc6 3. d4 cxd4 4. Nxd4 e6 5. Nxc6 bxc6 6. Bd3 d5 7. exd5 cxd5
8. O-O Nf6 9. c3 Be7 10. Re1 O-O 11. Qf3 Bb7 12. Bf4 Qd7 13. Qh3 Rfd8 14. Be5
g6 15. Re3 Ne4 16. Qh6 Bf8 17. Qh4 Qe7 18. Qxe7 Bxe7 19. Na3 f6 20. Bg3 Bxa3
21. bxa3 Nxg3 22. hxg3 Kf7 23. Rb1 Bc6 24. f3 Rab8 25. Ree1 Rxb1 26. Rxb1 Rd7
27. Ba6 Rc7 28. Kf2 Ba4 29. Rb4 Bc2 30. c4 Bd3 31. Ke3 Bxc4 32. Bxc4 dxc4 33.
Kd2 c3+ 34. Kc2 Ke7 35. Rb8 Kd6 36. Rd8+ Rd7 37. Rf8 f5 38. Kxc3 e5 39. Re8 e4
40. g4 Re7 41. Rd8+ Ke6 42. gxf5+ gxf5 43. Rg8 h5 44. Kd2 Rd7+ 45. Ke2 Rd3 46.
Rg6+ Kf7 47. Ra6 Rd5 1/2-1/2

[Event "East Detroit (MCO/4)"]
[Site "?"]
[Date "1983.??.??"]
[Round "?"]
[White "Small, L.."]
[Black "Matias, I.C.."]
[Result "1-0"]
[WhiteElo "2075"]
[BlackElo "1650"]
[PlyCount "83"]
[EventDate "1983.??.??"]

1. e4 c6 2. d4 d5 3. Nc3 dxe4 4. Nxe4 Nf6 5. Nxf6+ gxf6 6. Be3 Bf5 7. h4 h5 8.
Be2 Bg6 9. Bd3 e6 10. Ne2 Bd6 11. f4 f5 12. Ng3 Nd7 13. Qe2 Qc7 14. Qf2 Nf6 15.
Be2 Nd5 16. O-O O-O-O 17. Nh1 f6 18. c4 Nxe3 19. Qxe3 e5 20. c5 Bf8 21. fxe5
fxe5 22. dxe5 Rd5 23. b4 Rxe5 24. Qg5 Rg8 25. Bc4 Bf7 26. Qc1 Bxc4 27. Qxc4 Rg4
28. Qc2 Bh6 29. Rxf5 Be3+ 30. Nf2 Qg7 31. Kh1 Rxg2 32. Rxe5 Rh2+ 33. Kxh2 Qxe5+
34. Kg2 Qxa1 35. Qf5+ Kd8 36. Qf8+ Kd7 37. Qd6+ Kc8 38. Qe6+ Kc7 39. Qxe3 Qg7+
40. Qg3+ Qxg3+ 41. Kxg3 Kd7 42. Kf4 1-0

[Event "Southfield (MEX/1)"]
[Site "?"]
[Date "1983.??.??"]
[Round "?"]
[White "Small, L.."]
[Black "Kebrdle, M.."]
[Result "1/2-1/2"]
[WhiteElo "2040"]
[BlackElo "1910"]
[PlyCount "69"]
[EventDate "1983.??.??"]

1. e4 c6 2. d4 d5 3. Nc3 dxe4 4. Nxe4 Nf6 5. Nxf6+ gxf6 6. Nf3 Bg4 7. Be2 e6 8.
Bf4 Bd6 9. Qd2 Qc7 10. Bxd6 Qxd6 11. O-O-O Nd7 12. Qe3 Nb6 13. c4 Qc7 14. h3
Bf5 15. Nh4 Bg6 16. f4 O-O-O 17. g4 Rhe8 18. Qf3 f5 19. gxf5 exf5 20. Bd3 Kb8
21. Qf2 Qd7 22. Bf1 Re4 23. Nf3 Bh5 24. Ne5 Rxe5 25. fxe5 Bxd1 26. Kxd1 Qxd4+
27. Qxd4 Rxd4+ 28. Kc2 Re4 29. Bd3 Rxe5 30. b3 Nc8 31. Rg1 Nd6 32. Rg7 h5 33.
Rg5 Kc7 34. Rxh5 Kd7 35. b4 1/2-1/2

[Event "East Detroit (MCO/6)"]
[Site "?"]
[Date "1983.??.??"]
[Round "?"]
[White "Small, L.."]
[Black "Jarosz, Stan"]
[Result "1/2-1/2"]
[WhiteElo "2075"]
[BlackElo "1935"]
[PlyCount "86"]
[EventDate "1983.??.??"]

1. e4 e6 2. d4 d5 3. Nc3 Bb4 4. a3 Bxc3+ 5. bxc3 dxe4 6. Qg4 Nf6 7. Qxg7 Rg8 8.
Qh6 Nbd7 9. f3 b6 10. Bg5 Rg6 11. Qh4 h6 12. Bxh6 Bb7 13. Bg5 Qe7 14. Bb5 O-O-O
15. fxe4 Rdg8 16. Nf3 Bxe4 17. Bxd7+ Qxd7 18. Ne5 Qb5 19. Nxg6 Rxg6 20. Bxf6
Qb2 21. Rd1 Qxc3+ 22. Rd2 Rxg2 23. Qf4 Rxd2 24. Qxd2 Qxd2+ 25. Kxd2 Bxh1 26.
Ke3 Bg2 27. Kf4 Bh3 28. Ke5 Kd7 29. Bg5 f5 30. Bf6 c5 31. dxc5 bxc5 32. Bg5 a6
33. Bf4 Bg4 34. h4 c4 35. c3 Be2 36. Kf6 Bd1 37. Ke5 Be2 38. Bg5 Bd1 39. Kd4
Be2 40. Kc5 e5 41. Kd5 e4 42. Ke5 Bg4 43. a4 Kc6 1/2-1/2

[Event "Ann Arbor (MI Op/3)"]
[Site "?"]
[Date "1983.??.??"]
[Round "?"]
[White "Small, L.."]
[Black "Gaba, H.."]
[Result "1-0"]
[WhiteElo "2035"]
[BlackElo "1825"]
[PlyCount "111"]
[EventDate "1983.??.??"]

1. e4 e5 2. Nf3 Nf6 3. d4 Nxe4 4. dxe5 d5 5. exd6 Nxd6 6. Bd3 Be7 7. O-O O-O 8.
Re1 Be6 9. Nd4 Bc4 10. Bxc4 Nxc4 11. Qg4 Nd6 12. Nc3 Bf6 13. Be3 Nd7 14. Nd5
Kh8 15. Rad1 Ne5 16. Qh5 Rc8 17. Nxf6 Qxf6 18. Bc1 Nc6 19. Nxc6 bxc6 20. Qa5
Nf5 21. Qxa7 h6 22. Qc5 Qg6 23. Qc3 Rfe8 24. Rxe8+ Rxe8 25. Qd3 Re6 26. Bf4 Qh5
27. Bxc7 Re4 28. Rf1 Rg4 29. f3 Rg6 30. g4 Nh4 31. Bg3 Qc5+ 32. Bf2 Qe7 33. Rd1
Kh7 34. Rf1 Qf6 35. Bg3 Kh8 36. Qc3 Qd8 37. Qe1 Qd4+ 38. Kh1 Re6 39. Qd1 Qxd1
40. Rxd1 Nxf3 41. Rd6 Re2 42. Rxc6 Nd4 43. Rc8+ Kh7 44. c3 Nc2 45. a4 Rd2 46.
Re8 Na1 47. b4 Nb3 48. a5 Ra2 49. Ra8 Nd2 50. b5 Nc4 51. Bc7 Ne3 52. h3 g5 53.
b6 Rb2 54. a6 Ng2 55. b7 Nh4 56. b8=Q 1-0

[Event "Ann Arbor (MI Op/5)"]
[Site "?"]
[Date "1983.??.??"]
[Round "?"]
[White "Small, L.."]
[Black "Fischvogt, Eric"]
[Result "1-0"]
[WhiteElo "2035"]
[BlackElo "2205"]
[PlyCount "69"]
[EventDate "1983.??.??"]

1. e4 e5 2. Nf3 Nc6 3. Bb5 a6 4. Bxc6 dxc6 5. O-O Bg4 6. h3 h5 7. d3 Qf6 8. Be3
Ne7 9. Nbd2 g5 10. d4 Bxf3 11. Qxf3 Qxf3 12. Nxf3 exd4 13. Bxd4 Rg8 14. Bf6 Bh6
15. Rad1 Rg6 16. Be5 Re6 17. Bxc7 Rxe4 18. Rfe1 Rxe1+ 19. Rxe1 Kd7 20. Be5 g4
21. hxg4 hxg4 22. Bf6 Ng6 23. Nh2 g3 24. fxg3 Bf8 25. Kf2 a5 26. Kf3 a4 27. Kg4
Ra5 28. Nf3 Rc5 29. Re2 Be7 30. Bxe7 Nxe7 31. Ne5+ Ke8 32. Kg5 Rb5 33. c4 Rb4
34. Kf6 Kf8 35. Nd7+ 1-0